<?xml version="1.0" encoding="UTF-8"?>
<record
    xmlns:xsi="http://www.w3.org/2001/XMLSchema-instance"
    xsi:schemaLocation="http://www.loc.gov/MARC21/slim http://www.loc.gov/standards/marcxml/schema/MARC21slim.xsd"
    xmlns="http://www.loc.gov/MARC21/slim">

  <leader>05959njm a2200649Ia 4500</leader>
  <controlfield tag="001">66575</controlfield>
  <controlfield tag="003">IT-RoPAU</controlfield>
  <controlfield tag="005">20220918181125.0</controlfield>
  <controlfield tag="008">131025s9999    xx            000 0 und d</controlfield>
  <datafield tag="040" ind1=" " ind2=" ">
    <subfield code="a">IT-RoPAU</subfield>
  </datafield>
  <datafield tag="040" ind1=" " ind2=" ">
    <subfield code="c">IT-RoPAU</subfield>
  </datafield>
  <datafield tag="999" ind1=" " ind2=" ">
    <subfield code="c">100083</subfield>
    <subfield code="d">100083</subfield>
  </datafield>
  <datafield tag="999" ind1=" " ind2=" ">
    <subfield code="b">n.d.</subfield>
  </datafield>
  <datafield tag="100" ind1=" " ind2=" ">
    <subfield code="a">AA.VV.</subfield>
    <subfield code="9">794</subfield>
  </datafield>
  <datafield tag="100" ind1=" " ind2=" ">
    <subfield code="e">Autore musica</subfield>
    <subfield code="9">23726</subfield>
  </datafield>
  <datafield tag="100" ind1=" " ind2=" ">
    <subfield code="g">Codice autore musica SPICS: 12000</subfield>
    <subfield code="9">796</subfield>
  </datafield>
  <datafield tag="245" ind1=" " ind2=" ">
    <subfield code="a">Roy Eldridge (Lp musica jazz 2Mjp 1059 3/88)</subfield>
  </datafield>
  <datafield tag="250" ind1=" " ind2=" ">
    <subfield code="a">2a ed.</subfield>
  </datafield>
  <datafield tag="260" ind1=" " ind2=" ">
    <subfield code="a">MILANO</subfield>
  </datafield>
  <datafield tag="260" ind1=" " ind2=" ">
    <subfield code="b">RUSCONI</subfield>
    <subfield code="c">1988 [1a Ed.:]</subfield>
  </datafield>
  <datafield tag="300" ind1=" " ind2=" ">
    <subfield code="a">DISCO</subfield>
  </datafield>
  <datafield tag="300" ind1=" " ind2=" ">
    <subfield code="c">49 minuti (Testo:  pag.)</subfield>
  </datafield>
  <datafield tag="500" ind1=" " ind2=" ">
    <subfield code="a">Musica jazz. Disco fuori commercio allegato al n 3 '88 di "Musica jazz"</subfield>
  </datafield>
  <datafield tag="505" ind1=" " ind2=" ">
    <subfield code="a">When Love Knocks At Your Heart [(New York, 26 febbraio 1935) (3:00)] - Blues In C Sharp Minor (Chicago, 14 maggio 1936) (4:00)] - Shoe Shine Boy [(Chicago, 4 agosto 1936) (4:00)] - Heckler's Hop [(Chicago, 23 gennaio 1937) (3:00)] - I Surrender Dear [(New York, 25 maggio 1940) (5:00)] - Let Me Off Uptown [(Los Angeles, 17 settembre 1941) (4:00)] - Rockin' Chair [(Cedar Groove, New Jersey, 7 giugno 1941) (4:00)] - Jump Through the Window [(Chicago, 16 novembre 1943) (3:00)] - Little jazz [(Los Angeles, 5 aprile 1945) (3:00)] - Undecided [(Parigi, 9 giugno 1950) (4:00)] - No Rollin' Blues [(Stoccolma, 20 gennaio 1951) (3:00)] - The Heat's On [22 gennaio 1951) (3:00)] - The Man I Love (4:00) - The Swing Set [(ottobre 1955) (6:00)]</subfield>
  </datafield>
  <datafield tag="511" ind1=" " ind2=" ">
    <subfield code="a">Eldridge Roy: tr; Dillard Bill: tr; Coleman Bill: tr; Wells Dickie: trne; Procope Russell: alto; Berry Chu: ten; Allen Sam: p; Smith John: chit; Fullbright Dick: cb; Beason Bill: batt; Teddy Hill Orchestra</subfield>
  </datafield>
  <datafield tag="511" ind1=" " ind2=" ">
    <subfield code="a">Eldridge Roy: tr; Bailey Buster: cl; Berru Chu: ten; Wilson Teddy: p; Lessey Bob: chit; Crosby Israel: cb; Catlett Sidney: batt; Teddy Wilson Orchestra</subfield>
  </datafield>
  <datafield tag="511" ind1=" " ind2=" ">
    <subfield code="a">Eldridge Roy: tr, voc; Vance Dick: tr; Thomas Joe: tr; Arbello Fernando: trne; Cufee Ed: trne; Bailey Buster: cl, alto; Pasquall Don: cl, alto; Williams Elmer: ten; Berry Chu: ten; Henderson Fletcher: p; Lessey Bob: chit; Crosby Israel: cb; Johnson Walter: batt; Fletcher Henderosn Orchestra</subfield>
  </datafield>
  <datafield tag="511" ind1=" " ind2=" ">
    <subfield code="a">Eldridge Roy: tr; Carey Scoops: alto; Eldridge Joe: alto; Young Dave: ten; Cole Teddy: p; Collins John: chit; Parham Truck: cb; Singleton Zutty: batt; Roy Eldridge Orchestra</subfield>
  </datafield>
  <datafield tag="511" ind1=" " ind2=" ">
    <subfield code="a">Eldridge Roy: tr; Hawkins Coleman: ten; Carter Benny: p; Addison Bernard: chit; Kirby John: cb; Catlett Sidney: batt; The Chocolate Dandies</subfield>
  </datafield>
  <datafield tag="511" ind1=" " ind2=" ">
    <subfield code="a">Eldridge Roy: tr, voc; Halten Torg: tr; Young Graham: tr; Murphy Norman: tr; Wagner Babe: trne; Kelliher Jay: trne; Grassi John: trne; Musiker Sam: cl, ten; Ruffo Mascagni: alto; Listengart Sam: alto; Bates Walter: ten; Raskin Milt: p; Biondi Ray: chit; Mihelich Ed: cb; Krupa Gene: batt; O'Day Anita: voc; Gene Krupa Orchestra</subfield>
  </datafield>
  <datafield tag="511" ind1=" " ind2=" ">
    <subfield code="a">Eldridge Roy: tr; Eldridge Joe: alto; Gardner Andrew: alto; Quebec Ike: ten; Archia Tom: ten; Gayle Rozelle: p; Sturgis Ted: cb; West Harold "Doc": batt; Roy Eldridge Orchestra</subfield>
  </datafield>
  <datafield tag="511" ind1=" " ind2=" ">
    <subfield code="a">Eldridge Roy: tr; Schwartz George: tr; Glow Bernie: tr; Cohen Paul: tr; Wilson Oddie: trne; Rogers Harry: trne; Swift Bob: trne; Ischia Augustine: trne; Shaw Artie: cl; Prisby Lou: alto; Tanza Rudolph: alto; Walton Jon: ten; Steward Herbie: ten; Gentry Chuck: bar; Marmarosa Dodo: p; Kessel Barney: chit; Rayman Morris: cb; Fromm Lou: batt; Artie Shaw Orchestra</subfield>
  </datafield>
  <datafield tag="511" ind1=" " ind2=" ">
    <subfield code="a">Eldridge Roy: tr; Sims Zoot: ten; Hyman Dick: p; Michelot Pierre: cb; Shaughnessy Ed: batt; King David and His Little Jazz</subfield>
  </datafield>
  <datafield tag="511" ind1=" " ind2=" ">
    <subfield code="a">Eldridge Roy: tr, voc; Sundewall Lennart: tr, bassa; Norin Henrik Carl: ten; Norman Charles: p; Jederby Thore: cb; Burman Andrew: batt; Roy Eldridge Record Session in Stockholm</subfield>
  </datafield>
  <datafield tag="511" ind1=" " ind2=" ">
    <subfield code="a">Eldridge Roy: tr, p, cb, batt; sconosciuti; data e localit&#xE0; sconosciute</subfield>
  </datafield>
  <datafield tag="511" ind1=" " ind2=" ">
    <subfield code="a">Eldridge Roy: tr; Phillips Flip, Jacquet Illinois: ten; Peterson Oscar: p; Ellis Herb: chit; Brown Ray: cb; Rich Buddy: batt</subfield>
  </datafield>
  <datafield tag="650" ind1=" " ind2=" ">
    <subfield code="a">JAZZ [DISCHI]</subfield>
    <subfield code="e">Codice MATERIA SPICS: 9950</subfield>
    <subfield code="9">23727</subfield>
  </datafield>
  <datafield tag="700" ind1=" " ind2=" ">
    <subfield code="a">Eldridge Roy</subfield>
    <subfield code="g">Codice interprete SPICS: 16340</subfield>
    <subfield code="e">Interprete</subfield>
    <subfield code="9">23728</subfield>
  </datafield>
  <datafield tag="700" ind1=" " ind2=" ">
    <subfield code="a">Hill Alex</subfield>
    <subfield code="g">Codice autore musica SPICS: 20346</subfield>
    <subfield code="e">Autore musica</subfield>
    <subfield code="p">When Love Knocks At Your Heart</subfield>
    <subfield code="9">23729</subfield>
  </datafield>
  <datafield tag="700" ind1=" " ind2=" ">
    <subfield code="a">De Rose</subfield>
    <subfield code="g">Codice autore SPICS: 23731</subfield>
    <subfield code="e">Autore</subfield>
    <subfield code="p">When Love Knocks At Your Heart</subfield>
    <subfield code="9">23730</subfield>
  </datafield>
  <datafield tag="700" ind1=" " ind2=" ">
    <subfield code="a">Wilson Teddy</subfield>
    <subfield code="g">Codice autore musica SPICS: 16158</subfield>
    <subfield code="e">Autore musica</subfield>
    <subfield code="p">Blues In C Sharp Minor</subfield>
    <subfield code="9">23731</subfield>
  </datafield>
  <datafield tag="700" ind1=" " ind2=" ">
    <subfield code="a">Cahn</subfield>
    <subfield code="g">Codice autore musica SPICS: 20244</subfield>
    <subfield code="e">Autore musica</subfield>
    <subfield code="p">Shoe Shine Boy</subfield>
    <subfield code="9">23732</subfield>
  </datafield>
  <datafield tag="700" ind1=" " ind2=" ">
    <subfield code="a">Chaplin</subfield>
    <subfield code="g">Codice autore SPICS: 23732</subfield>
    <subfield code="e">Autore</subfield>
    <subfield code="p">Shoe Shine Boy</subfield>
    <subfield code="9">23733</subfield>
  </datafield>
  <datafield tag="700" ind1=" " ind2=" ">
    <subfield code="a">Eldridge Roy</subfield>
    <subfield code="g">Codice autore musica SPICS: 16340</subfield>
    <subfield code="e">Autore musica</subfield>
    <subfield code="p">Heckler's Hop - Jump Through the Window - Little jazz - No Rollin' Blues - The Heat's On - The Swing Set</subfield>
    <subfield code="9">23734</subfield>
  </datafield>
  <datafield tag="700" ind1=" " ind2=" ">
    <subfield code="a">Battle</subfield>
    <subfield code="g">Codice autore SPICS: 20514</subfield>
    <subfield code="e">Autore</subfield>
    <subfield code="p">Heckler's Hop</subfield>
    <subfield code="9">23735</subfield>
  </datafield>
  <datafield tag="700" ind1=" " ind2=" ">
    <subfield code="a">Barris Harry</subfield>
    <subfield code="g">Codice autore musica SPICS: 18863</subfield>
    <subfield code="e">Autore musica</subfield>
    <subfield code="p">I Surrender Dear</subfield>
    <subfield code="9">23736</subfield>
  </datafield>
  <datafield tag="700" ind1=" " ind2=" ">
    <subfield code="a">Clifford Graeme</subfield>
    <subfield code="g">Codice autore SPICS: 10603</subfield>
    <subfield code="e">Autore</subfield>
    <subfield code="p">I Surrender Dear</subfield>
    <subfield code="9">23737</subfield>
  </datafield>
  <datafield tag="700" ind1=" " ind2=" ">
    <subfield code="a">Evans Raymond</subfield>
    <subfield code="g">Codice autore musica SPICS: 23703</subfield>
    <subfield code="e">Autore musica</subfield>
    <subfield code="p">Let Me Off Uptown</subfield>
    <subfield code="9">23738</subfield>
  </datafield>
  <datafield tag="700" ind1=" " ind2=" ">
    <subfield code="a">Bostic</subfield>
    <subfield code="g">Codice autore SPICS: 23733</subfield>
    <subfield code="e">Autore</subfield>
    <subfield code="p">Let Me Off Uptown</subfield>
    <subfield code="9">23739</subfield>
  </datafield>
  <datafield tag="700" ind1=" " ind2=" ">
    <subfield code="a">Carmichael Hoagy</subfield>
    <subfield code="g">Codice autore musica SPICS: 10736</subfield>
    <subfield code="e">Autore musica</subfield>
    <subfield code="p">Rockin' Chair</subfield>
    <subfield code="9">23740</subfield>
  </datafield>
  <datafield tag="700" ind1=" " ind2=" ">
    <subfield code="a">Buster</subfield>
    <subfield code="g">Codice autore SPICS: 23734</subfield>
    <subfield code="e">Autore</subfield>
    <subfield code="p">Little jazz</subfield>
    <subfield code="9">23741</subfield>
  </datafield>
  <datafield tag="700" ind1=" " ind2=" ">
    <subfield code="a">Harding</subfield>
    <subfield code="g">Codice autore testo/musica SPICS: 23758</subfield>
    <subfield code="e">Autore testo/musica</subfield>
    <subfield code="p">Little jazz</subfield>
    <subfield code="9">23742</subfield>
  </datafield>
  <datafield tag="700" ind1=" " ind2=" ">
    <subfield code="a">Shavers Charlie</subfield>
    <subfield code="g">Codice autore musica SPICS: 22907</subfield>
    <subfield code="e">Autore musica</subfield>
    <subfield code="p">Undecided</subfield>
    <subfield code="9">23743</subfield>
  </datafield>
  <datafield tag="700" ind1=" " ind2=" ">
    <subfield code="a">Gershwin George</subfield>
    <subfield code="g">Codice autore musica SPICS: 10668</subfield>
    <subfield code="e">Autore musica</subfield>
    <subfield code="p">The Man I Love</subfield>
    <subfield code="9">23744</subfield>
  </datafield>
  <datafield tag="700" ind1=" " ind2=" ">
    <subfield code="a">Jacquet</subfield>
    <subfield code="g">Codice autore SPICS: 23735</subfield>
    <subfield code="e">Autore</subfield>
    <subfield code="p">The Swing Set</subfield>
    <subfield code="9">23745</subfield>
  </datafield>
  <datafield tag="700" ind1=" " ind2=" ">
    <subfield code="a">Phillips</subfield>
    <subfield code="g">Codice autore testo/musica SPICS: 23759</subfield>
    <subfield code="e">Autore testo/musica</subfield>
    <subfield code="p">The Swing Set</subfield>
    <subfield code="9">23746</subfield>
  </datafield>
  <datafield tag="942" ind1=" " ind2=" ">
    <subfield code="c">MD</subfield>
    <subfield code="2">ddc</subfield>
  </datafield>
  <datafield tag="952" ind1=" " ind2=" ">
    <subfield code="0">0</subfield>
    <subfield code="1">0</subfield>
    <subfield code="4">0</subfield>
    <subfield code="6">66575_000000000000000</subfield>
    <subfield code="7">1</subfield>
    <subfield code="a">SPICS</subfield>
    <subfield code="b">SPICS</subfield>
    <subfield code="d">2013-10-25</subfield>
    <subfield code="l">0</subfield>
    <subfield code="o">66575</subfield>
    <subfield code="r">2013-10-25 00:00:00</subfield>
    <subfield code="w">2013-10-25</subfield>
    <subfield code="y">MD</subfield>
    <subfield code="z">Progr. Ins.: 16379 / N.Vol.: 1 / Copie: 1 - Copia rara: n.d. / date import: 01.01.2014 - By Epidotti, Trombetti, Vaglietti</subfield>
  </datafield>
</record>
